[Event "Stay Safe Play From Home 364"]
[Site "Emanuel Lasker Arena"]
[Date "2020.08.07"]
[Round "8"]
[White "Lazieri3"]
[Black "Trotsky"]
[Result "1-0"]
[WhiteElo "2039"]
[BlackElo "1509"]
[Annotator "TA"]
[PlyCount "59"]
[EventDate "2020.08.07"]
[EventType "swiss (blitz)"]

{[%evp 9,59,-4,-11,-16,18,6,67,-33,81,-19,63,-43,91,-7,108,112,116,-15,156,167,170,151,212,222,723,724,728,728,586,699,855,809,900,794,1185,1147,1200,1001,1718,1712,2222,1854,29988,29989,29990,29991,29989,5700,29990,29991,29992,29993]} 1. e4 c5 2. Nc3 e6 3. d3 d5 4. Nf3 Nc6 5. exd5 exd5 6. d4 {B40: Sicilian: 2...e6, Unusual lines.} Be6 7. Be3 c4 {[#]} (7... Nge7 $11) 8. Be2 $146 (8. Bxc4 $1 $14 dxc4 9. d5 {[%mdl 64] Double Attack}) ({Predecessor:} 8. Bxc4 dxc4 9. d5 Bb4 10. dxe6 Qxd1+ 11. Rxd1 fxe6 12. Ng5 Ke7 13. Nge4 b6 14. O-O Bxc3 15. Nxc3 {1-0 (41) Tiinanen,T-Li,Y Helsinki 2009}) 8... a6 (8... Bb4 $15 {stays ahead.}) 9. h3 (9. Bxc4 $1 $16 Nf6 10. Bd3) 9... Bd6 (9... Nf6 $11) 10. O-O ({White should try} 10. Bxc4 $1 $14 Nf6 11. Bd3) 10... Qc7 {[#]} (10... Nf6 $15) 11. Ng5 (11. Bxc4 $1 $16 dxc4 12. d5 {[%mdl 64] Double Attack}) 11... O-O-O (11... Nf6 $1 $11) 12. Nxe6 $16 fxe6 13. Bg5 ({Better is} 13. Bg4 $16 Qf7 14. Nxd5) 13... h6 $2 {Black is now going downhill.} (13... Nf6 $11) 14. Bxd8 Nxd8 15. b3 {[%cal Bb2b3,Bb3c4][%mdl 32]} Nf6 (15... cxb3 $16 16. cxb3 Kb8) 16. bxc4 $18 Ng4 $2 (16... dxc4 17. Bf3 Bb4) 17. hxg4 h5 18. g5 Bh2+ 19. Kh1 Nf7 20. cxd5 Nxg5 21. dxe6 Bg3 22. Nd5 Qd6 23. fxg3 Qxg3 24. Qd3 Qd6 25. Qf5 Kb8 26. Qxg5 {[%mdl 64] Double Attack} h4 27. Qf4 Qxf4 28. Nxf4 (28. Rxf4 $142 g5 29. Rf5 Rc8 30. e7 b5 {[#]} 31. Rf8 $1 {[%mdl 512]} h3 32. Rxc8+ Kxc8 33. e8=Q+ Kb7 34. Qe7+ {[%mdl 64] Double Attack} Kc6 35. Qe6+ {[%mdl 64] Double Attack} Kb7 36. Qb6+ Kc8 37. Bg4#) 28... g5 29. Ng6 Rh6 30. e7 {Accuracy: White = 42%, Black =  0%.} 1-0

[Event "Stay Safe Play From Home 364"]
[Site "Emanuel Lasker Arena"]
[Date "2020.08.07"]
[Round "8"]
[White "Buzaglo"]
[Black "Tran Minh Thang"]
[Result "0-1"]
[WhiteElo "1817"]
[BlackElo "2425"]
[Annotator "TA"]
[PlyCount "116"]
[EventDate "2020.08.07"]
[EventType "swiss (blitz)"]

{[%evp 13,116,-19,-24,-132,-128,-161,-150,-187,-187,-184,-190,-287,-297,-294,-300,-283,-210,-209,-181,-188,-87,-129,-108,-248,-259,-257,-254,-274,-258,-259,-235,-238,-199,-460,-442,-445,-308,-307,-222,-228,-218,-214,-223,-231,-235,-223,-139,-141,-126,-216,-179,-168,-127,-164,-166,-221,-117,-146,-147,-568,-561,-647,-556,-29990,-756,-775,-777,-774,-732,-729,-720,-705,-670,-706,-695,-29989,-1649,-1575,-1452,-2050,-1456,-29980,-769,-6049,-5451,-29992,-29993,-29993,-29993,-29993,-29994,-29994,-29994,-29995,-29996,-29997,-29994,-29994,-29995,-29995,-29995,-29996,-29997,-29997,-1459]} 1. d4 Nf6 2. Nf3 g6 3. g3 Bg7 4. Bg2 O-O 5. O-O d5 6. c4 dxc4 7. Ne5 {[#]} c5 $1 {[%mdl 512] [#]} 8. Nxc4 $146 {D77: Fianchetto Grünfeld: 6 0-0: Replies other than 6...c6.} (8. d5 $11) (8. dxc5 Qc7) ({Predecessor:} 8. dxc5 Qc7 9. Nxc4 Qxc5 10. Nba3 Nc6 11. Be3 Qh5 12. f3 Nd5 13. Bf2 Rd8 14. Qe1 Bh3 15. Rb1 Bxg2 16. Kxg2 {0-1 (35) Sevgi,V (2302)-Esipenko,A (2621) Konya 2019}) 8... cxd4 $17 9. Nbd2 Nc6 10. Nb3 {Black is clearly better.} Be6 11. Ncd2 Bd5 12. e4 (12. Nf3 $142) 12... dxe3 $1 $19 13. fxe3 Bxg2 14. Kxg2 Nd5 15. Nf3 Nb6 16. Qe2 e5 (16... Rc8 $19 17. e4 Nb4) 17. Rd1 Qe7 $36 {[%mdl 2048] Black is on the roll.} 18. Bd2 {[#]} (18. e4 $17 {was the only chance.}) 18... e4 $1 {[%cal Re4f3]} 19. Nfd4 Ne5 20. a3 {White hopes to continue with Bb4.} Nbc4 21. Bb4 Qg5 22. Bxf8 Rxf8 23. Nd2 $2 (23. h4 Nxe3+ 24. Kh3) 23... Nxe3+ 24. Kh1 Nxd1 25. Nxe4 Qe3 26. Rxd1 {[#]} Ng4 $1 {[%cal Be5g4,Bg4e3,Be3c4][%mdl 544]} 27. Qxe3 (27. Qxg4 Bxd4) 27... Nxe3 28. Rd3 Nc4 29. Nf3 Nxb2 30. Rd7 b5 31. Nc5 (31. Nd6 $17 {was worth a try.}) 31... Nc4 {Hoping for ...a5.} 32. Rxa7 Re8 33. Kg2 Ne3+ 34. Kf2 (34. Kg1 {keeps fighting.}) 34... Nd5 (34... Ng4+ $19 35. Kg2 Re2+ 36. Kg1 Bb2) 35. Nd7 h5 36. Nb6 $2 {[%mdl 8192]} (36. a4 $17 {is a better chance.}) 36... Nxb6 37. Rb7 Nc4 38. Nd4 Nxa3 (38... Bxd4+ $142 39. Kg2 Re2+ 40. Kf1 Rxh2 41. Rb8+ Kg7 42. Rd8 Nd2+ 43. Ke1 Nf3+ 44. Kd1 Rd2+ 45. Kc1 Bb2+ {[%mdl 64] Double Attack, Discovered Attack} 46. Kb1 Rxd8 47. Kxb2 Rd3 48. Ka2 Nd4 49. Kb2 Rxg3 50. Kc1 Rg2 51. Kd1 Re2 52. a4 bxa4 53. Kc1 a3 54. Kd1 a2 55. Kc1 a1=Q#) 39. Nxb5 Nxb5 40. Rxb5 {[%mdl 4096] Endgame KRB-KR} Re5 41. Rb8+ Kh7 42. Rb7 Rf5+ 43. Kg2 Bd4 44. Rb2 g5 (44... Bxb2 $142 45. h3 Bd4 46. Kh2 Rf2+ 47. Kg1 Kh6 48. Kh1 Rb2 49. g4 Kg5 50. h4+ Kxh4 51. g5 f5 52. gxf6 Kg3 53. f7 Rh2#) 45. Rc2 g4 46. Re2 Kg6 47. h3 {[#]} Rf3 (47... Rf2+ $142 $1 48. Rxf2 gxh3+ 49. Kxh3 Bxf2 50. Kh2 Bc5 51. Kg2 Kg5 52. Kh3 Bd4 53. Kh2 Kg4 54. Kg2 Be3 55. Kf1 Kxg3 56. Ke2 h4 57. Kxe3 f5 58. Kd3 f4 59. Ke2 h3 60. Ke1 f3 61. Kd2 f2 62. Ke2 h2 63. Ke3 h1=Q 64. Kd4 Qc6 65. Ke3 f1=Q 66. Kd4 Qf4+ 67. Kd3 Qcc4#) 48. h4 Rd3 49. Rb2 Bxb2 {Black mates.} 50. Kf1 Be5 51. Ke2 Rxg3 52. Kf2 Rf3+ 53. Kg2 Bd4 54. Kh1 g3 55. Kg2 Rd3 56. Kh3 Kf5 57. Kg2 Kg4 58. Kf1 Kf3 {Accuracy: White = 28%, Black = 58%.} 0-1

[Event "Stay Safe Play From Home 364"]
[Site "Emanuel Lasker Arena"]
[Date "2020.08.07"]
[Round "8"]
[White "Cirovicz"]
[Black "Ao017545"]
[Result "0-1"]
[WhiteElo "1802"]
[BlackElo "1697"]
[Annotator "NA"]
[PlyCount "134"]
[EventDate "2020.08.07"]
[EventType "swiss (blitz)"]

1. e4 {[%emt 0:00:02]} e5 {[%emt 0:00:00]} 2. Nf3 {[%emt 0:00:01]} Nf6 {[%emt 0:00:01]} 3. Bc4 {[%emt 0:00:00]} Bc5 {[%emt 0:00:01]} 4. Nc3 {[%emt 0:00:01]} Nc6 {[%emt 0:00:00]} 5. d3 {[%emt 0:00:01]} Ng4 {[%emt 0:00:00]} 6. Be3 {[%emt 0:00:01]} Bxe3 {[%emt 0:00:02]} 7. fxe3 {[%emt 0:00:01]} Nxe3 {[%emt 0:00:01]} 8. Qe2 {[%emt 0:00:01]} Nb4 {[%emt 0:00:01]} 9. Bb3 {[%emt 0:00:03]} Ng4 {[%emt 0:00:04]} 10. h3 {[%emt 0:00:01]} Nf6 {[%emt 0:00:02]} 11. Nxe5 {[%emt 0:00:01]} Nc6 {[%emt 0:00:03]} 12. Nxc6 {[%emt 0:00:02]} dxc6 {[%emt 0:00:00]} 13. e5 {[%emt 0:00:00]} Nd5 {[%emt 0:00:02]} 14. Nxd5 {[%emt 0:00:01]} cxd5 {[%emt 0:00:00]} 15. c4 {[%emt 0:00:01]} dxc4 {[%emt 0:00:02]} 16. Bxc4 {[%emt 0:00:01]} O-O {[%emt 0:00:01]} 17. O-O-O {[%emt 0:00:01]} Be6 {[%emt 0:00:01]} 18. Bxe6 {[%emt 0:00:02]} fxe6 {[%emt 0:00:00]} 19. Rhf1 {[%emt 0:00:01]} Qg5+ {[%emt 0:00:01]} 20. Kc2 {[%emt 0:00:02]} Rf5 {[%emt 0:00:01]} 21. Rxf5 {[%emt 0:00:02]} Qxf5 {[%emt 0:00:03]} 22. Rf1 {[%emt 0:00:02]} Qg6 {[%emt 0:00:02]} 23. Qf3 {[%emt 0:00:02]} h6 {[%emt 0:00:06]} 24. Qxb7 {[%emt 0:00:02]} Rd8 {[%emt 0:00:01]} 25. Qxc7 {[%emt 0:00:01]} Qxd3+ {[%emt 0:00:09]} 26. Kc1 {[%emt 0:00:01]} Qxf1+ {[%emt 0:00:01]} 27. Kc2 {[%emt 0:00:01]} Qd3+ {[%emt 0:00:01]} 28. Kc1 {[%emt 0:00:01]} Qd2+ {[%emt 0:00:00]} 29. Kb1 {[%emt 0:00:03]} Qd1+ {[%emt 0:00:00]} 30. Qc1 {[%emt 0:00:03]} Qd3+ {[%emt 0:00:00]} 31. Ka1 {[%emt 0:00:01]} Qd1 {[%emt 0:00:01]} 32. Kb1 {[%emt 0:00:01]} Qxc1+ {[%emt 0:00:01]} 33. Kxc1 {[%emt 0:00:01]} Rc8+ {[%emt 0:00:00]} 34. Kd2 {[%emt 0:00:01]} Rf8 {[%emt 0:00:00]} 35. Ke3 {[%emt 0:00:01]} Rf5 {[%emt 0:00:00]} 36. g4 {[%emt 0:00:00]} Rf7 {[%emt 0:00:02]} 37. Ke4 {[%emt 0:00:01]} Rb7 {[%emt 0:00:00]} 38. b3 {[%emt 0:00:01]} Rb4+ {[%emt 0:00:01]} 39. Kd3 {[%emt 0:00:01]} Rb5 {[%emt 0:00:00]} 40. Kc3 {[%emt 0:00:02]} Rd5 {[%emt 0:00:00]} 41. Kc4 {[%emt 0:00:01]} Rd1 {[%emt 0:00:00]} 42. Kc5 {[%emt 0:00:01]} Rd2 {[%emt 0:00:00]} 43. b4 {[%emt 0:00:00]} Rd3 {[%emt 0:00:01]} 44. b5 {[%emt 0:00:00]} Rxh3 {[%emt 0:00:01]} 45. a4 {[%emt 0:00:00]} Ra3 {[%emt 0:00:00]} 46. a5 {[%emt 0:00:00]} Rxa5 {[%emt 0:00:00]} 47. Kc6 {[%emt 0:00:00]} Ra1 {[%emt 0:00:00]} 48. b6 {[%emt 0:00:01]} Rc1+ {[%emt 0:00:00]} 49. Kd6 {[%emt 0:00:01]} axb6 {[%emt 0:00:01]} 50. Kxe6 {[%emt 0:00:00]} b5 {[%emt 0:00:00]} 51. Kd7 {[%emt 0:00:00]} Kf8 {[%emt 0:00:00]} 52. e6 {[%emt 0:00:00]} b4 {[%emt 0:00:01]} 53. e7+ {[%emt 0:00:01]} Kf7 {[%emt 0:00:00]} 54. e8=Q+ {[%emt 0:00:01]} Kf6 {[%emt 0:00:00]} 55. Qe6+ {[%emt 0:00:01]} Kg5 {[%emt 0:00:01]} 56. Qf5+ {[%emt 0:00:00]} Kh4 {[%emt 0:00:00]} 57. Qf2+ {[%emt 0:00:01]} Kxg4 {[%emt 0:00:01]} 58. Qe2+ {[%emt 0:00:01]} Kg5 {[%emt 0:00:00]} 59. Qe3+ {[%emt 0:00:01]} Kg6 {[%emt 0:00:00]} 60. Qxc1 {[%emt 0:00:00]} Kh5 {[%emt 0:00:00]} 61. Qb2 {[%emt 0:00:00]} Kg6 {[%emt 0:00:00]} 62. Qxb4 {[%emt 0:00:00]} Kh7 {[%emt 0:00:00]} 63. Qg4 {[%emt 0:00:00]} g6 {[%emt 0:00:00]} 64. Qf5 {[%emt 0:00:00]} h5 {[%emt 0:00:00]} 65. Qf7+ {[%emt 0:00:01]} Kh6 {[%emt 0:00:00]} 66. Ke6 {[%emt 0:00:00]} Kg5 {[%emt 0:00:00]} 67. Ke5 {[%emt 0:00:01]} Kh6 {[%emt 0:00:00] Time Time Time Time Time (Lag: Av=0.95s, max=1.5s) (Lag: Av=0.95s, max=1.5s) (Lag: Av=0.95s, max=1.5s) (Lag: Av=0.95s, max=1.5s) (Lag: Av=0.95s, max=1.5s)} 0-1

[Event "Stay Safe Play From Home 364"]
[Site "Emanuel Lasker Arena"]
[Date "2020.08.07"]
[Round "8"]
[White "Klasman"]
[Black "TheCHESSHOUSE"]
[Result "0-1"]
[WhiteElo "1421"]
[BlackElo "2045"]
[Annotator "TA"]
[PlyCount "52"]
[EventDate "2020.08.07"]
[EventType "swiss (blitz)"]

{[%evp 9,52,-17,0,-4,-9,8,6,2,22,-24,-31,-47,-13,-48,-36,-91,-89,-100,-89,-97,-96,-129,-127,-202,-116,-124,-114,-127,-119,-141,-145,-779,-777,-859,-860,-29993,-666,-1119,-726,-5502,-5497,-29989,-29990,-29989,-29990]} 1. f4 d5 2. e3 Nf6 3. c4 c5 4. cxd5 Nxd5 5. Nc3 {[#]} e6 $146 ({Predecessor:} 5... a6 6. a4 Nc6 7. Bc4 e6 8. Nf3 Nxc3 9. bxc3 Bd6 10. O-O O-O 11. d4 cxd4 12. exd4 {0-1 (31) Wolf,A (1790)-Jobski,W (1707) Bad Sooden 2003}) 6. Nf3 $1 {A03: Bird's Opening with 1...d5.} Nc6 7. Bb5 Bd7 8. O-O {The position is equal.} Bd6 9. d4 cxd4 10. exd4 a6 ({Inferior is} 10... Nxf4 11. Ne4 $16) 11. Bxc6 Bxc6 12. Nxd5 (12. Ne5 $15) 12... Bxd5 $17 13. Be3 O-O $36 {[%mdl 2048] Black has strong initiative.} 14. Ne5 f6 15. Nf3 Rc8 16. Rc1 (16. Rf2 $17) 16... Qa5 ({Better is} 16... Bxa2 $19 17. Qd3 Bd5) 17. a3 Qb6 18. Qe2 Qb3 {aiming for ...Bc4.} 19. Rxc8 Rxc8 20. Nh4 $2 {[%mdl 8192] This move loses the game for White.} (20. Rc1 $17 Rxc1+ 21. Bxc1) 20... Bc4 $19 {[%mdl 64] [#] Skewer} 21. Qe1 Bxf1 22. Qxf1 Qxb2 (22... Qxe3+ $142 23. Kh1 {[#]} Rc1 $1 {[%mdl 512]} 24. g3 Rxf1+ 25. Kg2 Qe2+ 26. Kh3 Rf2 27. Ng2 Rxg2 28. Kh4 Rxh2#) 23. f5 e5 24. g4 exd4 {[%csl Gd6][%cal Rb2h2]} 25. Bf2 Rc1 26. Qxc1 Qxc1+ {Accuracy: White = 34%, Black = 53%.} 0-1

[Event "Stay Safe Play From Home 364"]
[Site "Emanuel Lasker Arena"]
[Date "2020.08.07"]
[Round "9"]
[White "NTBT_DHS"]
[Black "Hickey"]
[Result "1-0"]
[WhiteElo "2597"]
[BlackElo "2128"]
[Annotator "TA"]
[PlyCount "69"]
[EventDate "2020.08.07"]
[EventType "swiss (blitz)"]

{[%evp 9,69,6,73,77,84,72,84,88,88,40,66,22,60,19,36,34,61,62,51,13,22,33,50,13,54,30,71,77,63,44,90,83,99,118,196,204,259,247,238,125,247,156,353,286,315,122,134,146,171,178,222,216,1328,1333,2113,902,889,843,1836,1456,29987,29988]} 1. d4 Nf6 2. Nc3 e6 3. Bg5 b6 4. e4 h6 5. Bh4 Bb7 {[#]} (5... Bb4 $11) 6. e5 $146 {[%cal Re5f6] A45: Trompowsky Attack.} ({Predecessor:} 6. Bd3 Bb4 7. Qe2 Nc6 8. Qe3 g5 9. Bg3 Bxc3+ 10. bxc3 h5 11. Qxg5 Nxe4 12. Qf4 Nxg3 13. fxg3 {1-0 (40) Siemsheuser,J-Weinert,C Germany 1995}) 6... g5 7. Bg3 Ne4 8. Nxe4 {White is better.} Bxe4 9. f3 Bb7 10. Bd3 Be7 11. Ne2 d6 12. c3 Nd7 13. exd6 cxd6 14. Qa4 a6 15. O-O b5 16. Qb3 Qb6 17. a4 {[%cal Ra4b5]} bxa4 18. Qxa4 Bc6 19. Qa3 Bb7 20. b4 $36 {[%cal Bb2b4,Bb4c5][%mdl 2080] Keeping Black busy.} O-O 21. c4 f5 (21... Nb8 $16 {was called for.}) 22. c5 $18 dxc5 23. bxc5 ({Don't do} 23. dxc5 $6 Qc6 $18) 23... Qc6 {[%cal Rd7c5]} 24. Bc4 (24. Qb3 $18) 24... f4 (24... Nb6 $16 {was worth a try.}) 25. Bf2 {[#] Strongly threatening Qb3.} Nf6 $2 (25... Nb6 $16) 26. Nc3 Nd5 27. Ne4 $2 (27. Rab1 $18) 27... Rfd8 28. Rab1 a5 29. Rfe1 {aiming for Qd3.} Ba6 30. Ba2 Bd3 $2 (30... Kg7 31. Bxd5 (31. Qxa5 Bd3 $11) 31... exd5) 31. Qxd3 Nb4 32. Qc4 Nxa2 33. Qxa2 Rd5 34. Nc3 Rf5 35. Rxe6 {Accuracy: White = 53%, Black = 27%.} 1-0

[Event "Stay Safe Play From Home 364"]
[Site "Emanuel Lasker Arena"]
[Date "2020.08.07"]
[Round "9"]
[White "Tran Minh Thang"]
[Black "Lazieri3"]
[Result "1-0"]
[WhiteElo "2426"]
[BlackElo "2041"]
[Annotator "TA"]
[PlyCount "107"]
[EventDate "2020.08.07"]
[EventType "swiss (blitz)"]

{[%evp 9,107,49,58,50,54,54,74,74,80,95,96,90,87,58,108,43,97,90,86,75,70,83,116,107,144,136,134,127,141,133,145,119,228,236,218,207,259,256,264,251,296,228,295,276,460,454,873,856,837,831,899,511,510,483,497,497,497,494,604,477,501,493,512,502,704,702,698,697,686,685,664,645,803,755,853,846,904,882,894,859,956,927,29968,29974,29969,29963,12413,5597,29985,29965,29985,29980,29987,29969,29967,29968,29977,29978,6802,5937]} 1. d4 c6 2. Bf4 d5 3. e3 Nf6 4. c4 Bg4 5. Qb3 Qb6 {[#]} 6. Nd2 $146 {D10: Slav Defence: 3 cxd5 (without early Nf3) and 3 Nc3.} ({Predecessor:} 6. c5 Qa5+ 7. Nc3 Ne4 8. Qxb7 e5 9. Qxa8 Nxc3 10. Qxb8+ Kd7 11. Qb7+ Kd8 12. Ba6 {1-0 (32) Gareyev,T (2607)-Kern,N (2082) Nancy 2020}) 6... Qxb3 7. axb3 dxc4 8. bxc4 {White is better.} e6 9. h3 Bf5 10. c5 Nbd7 11. Ngf3 Be7 12. b4 (12. Be2 $16) 12... a6 (12... Nd5 $14) 13. b5 $16 cxb5 {[#]} 14. Bxb5 $1 {[%mdl 512]} O-O (14... axb5 15. Rxa8+) 15. Be2 Rac8 16. O-O h6 17. Nc4 Nd5 18. Bd6 Bxd6 19. Nxd6 Rc7 20. e4 Nc3 (20... Nf4 $16) 21. Bd3 $18 ({Don't take} 21. exf5 $6 Nxe2+ 22. Kh2 b6 $16) 21... Bg6 22. Rfc1 Nb5 23. Bxb5 (23. Nxb5 axb5 24. Rcb1 e5 $16) 23... axb5 24. Nxb5 Rcc8 25. e5 Rfd8 26. Nd6 Rb8 $2 (26... Rc7 27. Ra7 Nb8 28. Rxb7 Rxb7) 27. Ra7 b5 (27... Nf8 $142 28. Rxb7 Rxb7) 28. c6 Nb6 29. c7 {[%mdl 64] [#] Double Attack} Ra8 30. Rxa8 Rxa8 31. c8=Q+ Nxc8 32. Rxc8+ ({Weaker is} 32. Nxc8 Bd3 $18) 32... Rxc8 33. Nxc8 b4 34. Nd2 Bc2 35. Nd6 b3 {If only Black now had time for ...b2....} 36. N2c4 b2 37. Nxb2 Bb3 38. Nbc4 Kf8 39. Ne3 Ke7 40. f3 f6 41. Kf2 fxe5 42. dxe5 Kf8 43. g3 Ke7 44. f4 h5 45. h4 g6 46. Ke2 Ba2 47. Kd2 Bb1 48. Kc3 Bf5 49. Kd4 Bh3 50. Kc5 Bg2 51. Nec4 Bf3 52. Kb6 Bg2 53. Kc7 Bf3 54. Na5 {Accuracy: White = 63%, Black = 38%.} 1-0

[Event "Stay Safe Play From Home 364"]
[Site "Emanuel Lasker Arena"]
[Date "2020.08.07"]
[Round "9"]
[White "Lamborghini"]
[Black "Buzaglo"]
[Result "1-0"]
[WhiteElo "2335"]
[BlackElo "1816"]
[Annotator "TA"]
[PlyCount "117"]
[EventDate "2020.08.07"]
[EventType "swiss (blitz)"]

{[%evp 9,116,103,143,153,147,139,138,143,146,151,141,142,152,144,151,127,126,109,127,123,245,250,258,264,280,260,272,275,284,283,322,334,379,306,306,23,16,4,12,0,50,53,48,0,62,0,114,-12,417,422,410,412,399,348,503,495,507,492,525,498,1182,1195,1077,941,1435,1320,2385,1988,29977,29978,29974,12833,29970,12273,29974,29975,29985,29986,29986,29986,29987,29986,29990,29991,29991,29991,29991,29992,29996,29993,29993,29994,29994,29995,29995,29996,29997,29997,29997,29996,29996,29997,29997,29997,29998,29998,29998,29999,29999]} 1. e4 e6 2. d4 d5 3. Nc3 c5 4. exd5 cxd4 5. Qxd4 exd5 6. Qxd5 {C10: French with 3 Nc3: Unusual Black 3rd moves and 3...dxe4.} (6. Nxd5 $6 Ne7 $14) 6... Qxd5 7. Nxd5 Bd6 8. Bf4 {White is clearly better.} Bxf4 9. Nxf4 Nf6 10. O-O-O O-O {[#]} 11. h3 $146 ({Predecessor:} 11. Nd5 Nxd5 12. Rxd5 Be6 13. Rd6 Nd7 14. Bb5 Nf6 15. Rd4 Rac8 16. Nf3 Bxa2 17. Rhd1 {1-0 (46) Lacan Rus,D (1136)-Constantinescu,B chess.com INT 2020}) 11... Bf5 12. Bd3 Bxd3 13. Rxd3 ({Don't play} 13. cxd3 $6 Nc6 $14) 13... Nc6 14. Nf3 Nb4 {[#]} (14... Rac8 $16) 15. Rb3 $1 $18 {[%cal Rb3b4]} Nc6 16. Rxb7 a5 17. a3 a4 18. Re1 h6 19. Nd3 Nd5 20. Nfe5 Nd4 21. Re4 Nf5 {intending ...Nd6.} 22. g4 $2 (22. Rg4 $18) 22... Nd6 $11 23. Rd4 {And now Rd7 would win.} Nxb7 24. Rxd5 Rad8 25. Nd7 Rfe8 26. f4 Kh7 (26... Re3 $11) 27. f5 (27. Kd2 $14) 27... Rc8 (27... Re3 $11 {remains equal.}) 28. f6 (28. Nb6 $16) 28... gxf6 $2 {[%mdl 8192] This move loses the game for Black.} (28... Re2 $11 {and Black has nothing to worry.}) 29. Nxf6+ $18 {[%mdl 64] Double Attack} Kg7 30. Nxe8+ Rxe8 {[%mdl 4096] Endgame KRN-KRN} 31. Nc5 Nd8 (31... Nxc5 $142 32. Rxc5 Re2) 32. Nxa4 Ne6 33. Nc3 Nf4 34. Rf5 Ne2+ (34... Nxh3 $142 35. b4 Ng5) 35. Nxe2 Rxe2 {KR-KR} 36. b4 Re1+ 37. Kb2 Rh1 38. a4 Rxh3 39. a5 Re3 40. Rb5 (40. a6 $142 Re8 41. Ra5 Rg8 42. a7 Ra8 43. b5 Kg8 44. b6 h5 45. b7) 40... Re8 41. a6 Ra8 42. Ra5 {White mates.} h5 43. b5 h4 44. b6 h3 45. b7 Re8 46. a7 h2 47. b8=Q h1=Q 48. Qxe8 Qd5 49. Qe5+ Qxe5+ 50. Rxe5 {KR-KP} f6 51. Ra5 Kg6 52. a8=Q Kf7 {[#]} 53. Qf3 $1 Ke6 54. Qf5+ Kd6 55. Ra6+ Kc7 56. Qxf6 Kb8 57. Re6 Kb7 58. Re7+ Kc8 59. Qf8# {Accuracy: White = 78%, Black = 42%.} 1-0

[Event "Stay Safe Play From Home 364"]
[Site "Emanuel Lasker Arena"]
[Date "2020.08.07"]
[Round "9"]
[White "SoulofWolf"]
[Black "TheCHESSHOUSE"]
[Result "1-0"]
[WhiteElo "2220"]
[BlackElo "2046"]
[Annotator "TA"]
[PlyCount "59"]
[EventDate "2020.08.07"]
[EventType "swiss (blitz)"]

{[%evp 10,59,32,6,25,29,44,37,39,18,43,-19,20,27,33,19,95,95,90,88,137,24,26,31,29,-10,210,206,206,199,277,281,490,436,460,370,373,399,437,368,559,553,826,820,898,882,1053,1051,1012,1019,29990,29991]} 1. e4 c5 2. Nc3 d6 3. Nf3 Nf6 4. d4 cxd4 5. Nxd4 Nc6 6. Nb3 Bd7 {B56: Classical Sicilian: Unusual Lines.} 7. Be2 e5 8. O-O Be7 {White is slightly better.} 9. Bg5 {[#]} O-O $146 ({Predecessor:} 9... h6 10. Bh4 g5 11. Bg3 h5 12. h3 g4 13. hxg4 Nxg4 14. Nd5 Bg5 15. Bc4 Be6 {1-0 (53) Bernik,A (1539)-Milic,P (1500) Murska Sobota 2007}) 10. f3 (10. Bxf6 $14 Bxf6 11. Qxd6) 10... Qb6+ 11. Kh1 Be6 12. Qd2 Nd4 (12... a5 $11 {keeps the balance.}) 13. Be3 $16 {[%cal Rb3d4]} Nxb3 14. axb3 Qc7 15. Ra2 ({Reject} 15. Rxa7 $6 Rxa7 16. Nb5 (16. Bxa7 b6 $11) 16... Qa5 $14) (15. Bxa7 $16 Rfd8 16. Qe3) 15... a6 16. Rfa1 Rfd8 17. Na4 b5 $2 {[#] Now Black is done in.} (17... d5 $11 {and Black has nothing to worry.} 18. Bb6 dxe4 19. Qxd8+ {[%mdl 64] X-Ray Attack} Qxd8 20. Bxd8 Rxd8) 18. Bb6 $1 $18 {[%cal Rb6c7]} Qc6 {And now ...Rdc8 would win.} 19. Bxd8 Bxd8 (19... Rxd8 $142 20. Nc3 Bc8) 20. Nc3 {[%cal Ba4c3,Bc3b5,Bb5a3,Ba3c4][%mdl 32]} Bc8 $2 {[#]} (20... b4 {keeps fighting.} 21. Nd1 (21. Rxa6 Rxa6 22. Rxa6 bxc3 $14) 21... a5) 21. Nxb5 $1 {[%mdl 512]} Be7 (21... axb5 22. Rxa8) 22. Na3 Rb8 23. Nc4 d5 24. Na5 Qe6 (24... Qc5 $142 25. exd5 Nxd5) 25. exd5 Nxd5 26. Bc4 Bb4 27. c3 Bxa5 28. Rxa5 Bb7 29. Bxd5 Qd6 {[#]} 30. Bxf7+ $1 {[%mdl 64] Discovered Attack. Accuracy: White = 65%, Black = 37%.} 1-0